Largest Countries by Last Letter - Statistics

General Stats
  • This quiz has been taken 74 times
    60 since last reset
  • The average score is 11 of 18
Answer Stats
Letter Country % Correct
A Russia
100%
L Brazil
88%
N Kazakhstan
83%
Q Iraq
81%
O Mexico
77%
T Egypt
71%
U Peru
71%
Y Turkey
71%
R Niger
67%
H Bangladesh
56%
K Denmark
56%
S United States
56%
D Thailand
52%
I Mali
50%
M Vietnam
48%
C Central African Republic
46%
E Mozambique
37%
G Luxembourg
31%
No matching quizzes found
Score Distribution
Percent of People with Each Score
Percentile by Number Answered
Your Score History
You have not taken this quiz since the last reset